Movies Released in 2014 - Statistics

General Stats
  • This quiz has been taken 6 times
  • The average score is 2 of 47
Answer Stats
cast members Film/ Movie % Correct
Channing Tatum, Jonah Hill, Ice Cube, Wyatt Russell, Amber Stevens West, Jillian Bell, Peter Stormare 22 Jump Street
50%
Ansel Elgort, Nat Wolff, Shailene Woodley, Laura Dern, Sam Tramwell, Willem Dafoe The Fault in Our Stars
50%
Andy Serkis, Jason Clarke, Gary Oldman, Keri russell, Toby Kebbell, Judy Greer Dawn of the Planet of the Apes
25%
Theo James, Jai Courtney, Kate Winslet, Ashley Judd, Ansel Elgort, Shailene Woodley, Miles Teller, Zoe Kravitz Divergent
25%
Ben Affleck, Rosamund Pike, Tyler Perry, Neil Patrick Harris, Emily Ratajkowski Gone Girl
25%
Sylvester Stallone, mel Gibson, Jason Statham, Arnold Schwarzenegger, Wesley Snipes, Harrison Ford The Expendables 3
25%
Hugh Jackman, Peter Dinklage, Jennifer Lawrence, Michael Fassbender, Ian McKellan, Patrick Stewart X-Men: Days of Future Past
25%
Eva Green, Lena Headey, Sullivan Stapleton, Rodrigo Santoto, Jack O' Connell 300: Rise of an Empire
0%
Bradley Cooper, Sienna Miller, Jason Hall, Luke Grimes, Jake McDorman American Sniper
0%
Annabelle Wallis, Ward Horton, Tony Amendola, Brian Howe, Eric Ladin Annabelle
0%
Ryan Potter, Jamie Chung, T.J Miller, Genesis Rodriguez, Maya Rudolph Big Hero 6
0%
Michael Keaton, Emma Stone, Edward Norton, Naomi Watts, zach Galifianakis, Amy Ryan, Andrea Riseborough Birdman
0%
Adam Sandler, Drew Barrymore, Bella Thorne, Terry Crews, Wendi McLendon-Covey, Jessica Lowe Blended
0%
Ethan Hawke, Ellar Coltrane, Lorelei Linklater, Patricia Arquette, Zoe Graham Boyhood
0%
Sebastian Stan, Chris Evans, Scarlett Johansson, Anthony Mackie, Samuel L. Jackson Captain America: The Winter Soldier
0%
Luke Evans, Sarah Gadon, Dominic Cooper, Charles Dance, Art Parkinson Dracula Untold
0%
Tom cruise, Emily Blunt, Bill Paxton, Brendan Gleeson, Charlotte Riley, Jonas Armstrong Edge of Tomorrow
0%
Gabrielle Wilde, Alex Pettyfer, Bruce Greenwood, Rhys Wakefield, Joely Richardson Endless Love
0%
Brad Pitt, Logan Lerman, Shia LaBeouf, Scott Eastwood, Jon Bernthal Fury
0%
Chris Prat, Vin Diesel, Zoe Saldana, James Gunn, Dave Bautista, Michael Rooker, Karen Gillan Guardians of the Galaxy
0%
America Ferrera, Jay Baruchel, Gerard Butler, Cate Blanchett, Craig Ferguson, Kristen Wiig, Kit Harrington How to Train Your Dragon 2
0%
Aaron Eckhart, Bill Nighy, Yvonne Strahovski, Miranda Otto, Jai Courtney, Kevin Grevioux, Aden Young I, Frankenstein
0%
Joaquin Phoenix, Katherine Waterston, Reese Witherspoon, Owen Wilson, Josh Brolin, Jena Malone, Benicio del Toro Inherent Vice
0%
Michael Caine, Jessica Chastain, Anne Hathaway, Matthew McConaughey, Matt Damon, Mackenzie Foy Interstellar
0%
Chris Pine, Kenneth Branagh, Keira Knightley, Kevin Costner, Nonso Anozie, Gemma Chan Jack Ryan: Shadow Recruit
0%
Keanu Reeves, Ian McShane, Bridget Moynahan, lance Reddick, John Leguizamo John Wick
0%
Scarlett Johansson, Morgan Freeman, Choi Min-sik, Pilou Asbaek, amr Waked, Analeigh Tipton Lucy
0%
Angelina Jolie, Elle Fanning, Ella Purnell, Sam Riley, Brenton Thwaites, Juno Temple Maleficent
0%
Jake Gyllenhaal, Rene Russo, Riz Ahmed, Bill Paxton, Michael Papajohn Nightcrawler
0%
Tom McGrath, Chris Miller,Conrad Vernon, Christopher Knights, Benedict Cumberbatch, JOhn Malkovich Penguins of Madagascar
0%
Jesse Eisenberg, Anne Hathaway, Bruno Mars, Kristin Chenoweth, Jamie Foxx, Goerge Lopez, Andy Garcia Rio 2
0%
Gary Oldman, Joel Kinnaman, abbie Cornish, Michael Keaton, Samuel L. Jackson, Jay Baruchel, Jackie Earle Haley Robocop
0%
Jamie Foxx, Sally Fields, Andrew Garfield, Emma Stone, Dane Dehaan, Paul Giamatti, Felicity Jones The Amazing Spiderman 2
0%
Diego Luna, Channing Tatum, Zoe Saldana, Ice Cube, Jorge Gutierrez, Ron Perlman The Book of Life
0%
Denzel Washington, Chloe Grace Moretz. Melissa Leo, Marton Csokas, Bill Pullman, Haley Bennett The Equalizer
0%
Ralph Fiennes, Bill Murray, Tilda Swinton, Edward Norton, Saoirse Ronan, Jeff Goldblum The Grand Budapest Hotel
0%
Martin freeman, Benedict Cumberbatch, Ian McKellan, Richard Armitage, Peter Jackson, Orlando Bloom, Evangeline Lily The Hobbit: The Battle of the Five Armies
0%
Liam Hemsworth, Elizabeth Banks, Woody Harrelson, Julianne Moore, Donald Sutherland, Josh Hutcherson, Jena Malone, Sam Clafflin, jennifer Lawrence, Willow Shields The Hunger Games: Mockingjay Part 1
0%
Keira Knightley, Mark Strong, Matthew Goode, Benedict Cumberbatch The Imitation Game
0%
Chris Pratt, Will Ferrell, Will Arnett, Elizabeth Banks, Channing Tatum, Jonah Hill, Chris McKay The Lego Movie
0%
Dylan O'Brien, Will Poulter, Kaya Scodelario, Thomas Brodie-Sangster, Ki Hong Lee, Dexter Darden, Aml Ameen The Maze runner
0%
Matt Damon, George Clooney, Bill Murray, John Goodman, cate Blanchett The Monuments Men
0%
Will Arnett, Katherine Heigl, Maya Rudolph, Liam Neeson, Brendan Fraser, Jeff Dunham The Nut Job
0%
Frank Grillo, Zac Gilford, Carmen Ejogo, Kiele Sanchez,Michael k. Williams, Edwin Hodge, Zoe Soul The Purge: Anarchy
0%
Johnny Depp, Rebecca Hall, Morgan Freeman, Kate Mara, Paul Bettany, Cillian Murphy Transcendence
0%
Mark Wahlberg, Jack Reynor, Nicola Peltz, Stanley Tucci, Li Bingbing, Kelsey Grammer Transformers: Age of Extinction
0%
Miles Teller, J.K Simmons, Melissa Benoist, Austin Stowell, Paul Reiser Whiplash
0%
No matching quizzes found
Score Distribution
Percent of People with Each Score
Percentile by Number Answered
Your Score History
You have not taken this quiz